Central Library OPAC University of Rajshahi
Normal view MARC view

Entry Topical Term

Number of records used in: 4

001 - CONTROL NUMBER

  • control field: 545

003 - CONTROL NUMBER IDENTIFIER

  • control field: BD-RjUL

005 - DATE AND TIME OF LATEST TRANSACTION

  • control field: 20220105144840.0

008 - FIXED-LENGTH DATA ELEMENTS

  • fixed length control field: 220105|| aca||aabn | a|a d

040 ## - CATALOGING SOURCE

  • Original cataloging agency: BD-RjUL
  • Transcribing agency: BD-RjUL

150 ## - HEADING--TOPICAL TERM

  • Topical term or geographic name entry element: গণতান্ত্রিক সমাজতন্ত্র

670 ## - SOURCE DATA FOUND

  • Source citation: Work cat.: (BD-RjUL)79125: ইলিয়াস, খোন্দকার মোহাম্মদ 544, মুজিববাদ / , ২০২১